Карта донационных земель Выборгского уезда. Полуватман

RUSMARC
00005216cmc2a2200000 x 450
001ab3534aa-6e80-4e86-8eea-195500c7ffaf
00520161013173214.0
2001#$aКарта донационных земель Выборгского уезда. Полуватман
$j1772
300##$aЗаголовок дела также: Карта донационных земель Выборгского уезда 1772 года. Полуватман
300##$aБумага. Тушь, карандаш, акварель
300##$aРукописный текст. Чернила
300##$aНа шведском языке
937##$hПБ
801#0$aRU
$bПБ им. Б.Н. Ельцина
$c20150423
801#1$2rusmarc
$aRU
$bПБ им. Б.Н. Ельцина
$c20161011
801#2$2rusmarc
$aRU
$bПБ им. Б.Н. Ельцина
$c20161011
$gRCR
5171#$aКарта донационных земель Выборгского уезда 1772 года. Полуватман
100##$a20161011l17721772k y0rusy са
1010#$aswe
1220#$ad1772######
120##$abaa
121##$aaaaa a
1231#$aa
124##$aa
$bd
215##$a1 лист
251##$cДокумент
461#0$1001c4c30068-c070-47bb-88e5-61dd43074524
$12001
$aКарты, планы, чертежи г. Выборга, Выборгской, Куопиоской, Миккельской губерний
$1251
$cФонд
$1852
$j531
462#0$10019a75f7fa-d3a6-4108-9e3d-0cd6123cd871
$12000
$aОп. 1
$vЕд. хр. 30
$1251
$cОпись
$1852
$j1
850##$aГосударственное казённое учреждение "Ленинградский областной государственный архив в г. Выборге" (ЛОГАВ)
852##$aЛен. обл. гос. архив в г. Выборге
$j30
6061#$2prlib_sh
$3LIBNET\UAF\0000064403
$aЖалованные земли
$jКарты
$yВыборгская губерния
686##$2rubbk
$a63.3(28-8Выб)я64
$vLBC/M
617##$2prlib_sh
$cЛенинградская область
617##$cВыборгская губерния
$2prlib_sh
605##$2acquisition_Prlib
$3LIBNET\UAF\0000011043
$aЛенинградская область: страницы истории
$lколлекция
605##$aТерритория России: Ленинградская область
$lколлекция
$2acquisition_Prlib
$3LIBNET\UAF\0000039012
50900$aВыборгская губерния
$cчасти
$lКарты
Формат отображения